[Event "VI Sarkany-Aranytiz GM"]
[Site "Budapest HUN"]
[Date "2015.08.22"]
[Round "8.5"]
[White "Torma,R"]
[Black "Almasi,I"]
[Result "1-0"]
[WhiteElo "2434"]
[BlackElo "2405"]

1.d4 d5 2.c4 dxc4 3.e4 e5 4.Nf3 Bb4+ 5.Nc3 exd4 6.Qxd4 Qxd4 7.Nxd4 Bd7 8.Bxc4 Nc6
9.Nc2 Ba5 10.Bf4 Nge7 11.O-O-O O-O-O 12.Bg3 f6 13.Ne3 Ng6 14.Ncd5 Rhe8 15.f3 Nce5
16.b4 Bb6 17.Nxb6+ axb6 18.Bb3 Be6 19.Rxd8+ Kxd8 20.Rd1+ Kc8 21.Bxe6+ Rxe6
22.Nf5 Rc6+ 23.Kb1 Rc3 24.Kb2 Rd3 25.Rxd3 Nxd3+ 26.Kc3 Ndf4 27.Nxg7 Nxg2
28.Nh5 N2h4 29.Nxf6 Nxf3 30.Nxh7 c6 31.Kd3 Kd7 32.Ke3 Nfe5 33.Nf8+ Nxf8 34.Bxe5 Ke6
35.Bc7 Nd7 36.h4 b5 37.Kf4 c5 38.bxc5 Nxc5 39.h5 Nd3+ 40.Kg5 Kf7 41.h6 Nc5
42.Kf5 b4 43.Be5  1-0

[Event "26th Jozef Kochan Mem"]
[Site "Koszalin POL"]
[Date "2015.08.22"]
[Round "7.8"]
[White "Wasilewski,Leszek"]
[Black "Zielinski,Andrzej1"]
[Result "0-1"]
[WhiteElo "1244"]
[BlackElo "1808"]

1.d4 d5 2.c4 dxc4 3.e4 e6 4.Bxc4 Nf6 5.Nc3 c6 6.a3 Be7 7.e5 Nd5 8.Nxd5 exd5
9.Bd3 Be6 10.Ne2 Bg4 11.h3 Bxe2 12.Bxe2 Nd7 13.O-O Nf8 14.f4 Qb6 15.b4 f5
16.Qd3 g6 17.Be3 Ne6 18.g4 Ng7 19.Kh2 Qc7 20.Rg1 Kf7 21.Rac1 a6 22.Bf2 Raf8
23.Bd1 Ke8 24.Bb3 Ne6 25.Be3 fxg4 26.Rxg4 Qd7 27.Rf1 Ng7 28.Bc2 Rf7 29.Qd2 Rhf8
30.a4 g5 31.Qg2 Nf5 32.Qd2 h5 33.Bxf5 Qxf5 34.Rgg1 g4 35.b5 Bh4 36.bxc6 g3+
37.Kg2 bxc6 38.Qb4 Qc2+ 39.Bd2 Qe4+ 40.Rf3 Qe2+  0-1

[Event "17th Sants Open 2015"]
[Site "Barcelona ESP"]
[Date "2015.08.24"]
[Round "4.3"]
[White "Rios,Cr"]
[Black "Piorun,K"]
[Result "0-1"]
[WhiteElo "2435"]
[BlackElo "2592"]

1.d4 d5 2.c4 dxc4 3.e4 b5 4.a4 c6 5.Nf3 e6 6.axb5 cxb5 7.b3 Nf6 8.e5 Nd5
9.bxc4 bxc4 10.Bxc4 Be7 11.O-O O-O 12.Ba3 Bxa3 13.Rxa3 a5 14.Nbd2 Ba6 15.Bxa6 Rxa6
16.Ne4 h6 17.Nfd2 Nc6 18.Nc4 Ra7 19.Qd2 Qh4 20.f4 Rb8 21.Ned6 f5 22.exf6 Qxf6
23.Ne5 Qf8 24.Ndc4 Nxe5 25.fxe5 Rf7 26.Rc1 Rc8 27.Raa1 Qb4 28.Rab1 Qxd2 29.Nxd2 Nc3
30.Kh1 Rfc7 31.Ra1 Ne2 32.Rxc7 Rxc7 33.Nb3 a4 34.Nc5 Nxd4 35.Nxa4 Ra7 36.h3 Ra5
37.Ra2 Kh7 38.Nc3 Rxe5 39.Rd2 Nf5 40.Kh2 Re3 41.Nb5 h5 42.Nd4 Nxd4 43.Rxd4 g5
44.Kg1 Kg6 45.Kf2 Ra3 46.Rd8 h4 47.Rb8 Kf5 48.Rb5+ e5 49.Rb4 Ra2+ 50.Kf3 Ra3+
51.Kf2 Rd3 52.Ra4 Rb3 53.Rc4 e4 54.Rc8 Rb2+ 55.Ke3 Rxg2 56.Rf8+ Ke5 57.Re8+ Kf6
58.Rf8+ Kg7 59.Ra8 Rg3+ 60.Kxe4 Rxh3 61.Kf5 Rg3 62.Ra7+ Kh6  0-1

[Event "80th ch-ESP 2015"]
[Site "Linares ESP"]
[Date "2015.08.24"]
[Round "2.14"]
[White "Pardo Simon,D"]
[Black "Navarro Lopez Menchero,D"]
[Result "1-0"]
[WhiteElo "2468"]
[BlackElo "2213"]

1.d4 d5 2.c4 dxc4 3.e4 Nc6 4.Nf3 Bg4 5.d5 Ne5 6.Bf4 Ng6 7.Be3 Nf6 8.Nc3 e5
9.Bxc4 Bd6 10.Bb5+ Bd7 11.Qa4 a6 12.Bxd7+ Qxd7 13.Qxd7+ Nxd7 14.g3 O-O 15.Ke2 h6
16.Rac1 f5 17.exf5 Ne7 18.Nh4 Nxf5 19.Nxf5 Rxf5 20.h3 Rf7 21.a4 Nc5 22.Rc2 Re8
23.Rd1 b6 24.b4 Nb3 25.Rb2 Nd4+ 26.Kd3 Nf5 27.Ne4 Nxe3 28.Kxe3 Ref8 29.Ke2 Rf3
30.Ra1 a5 31.bxa5 bxa5 32.Rb5 Bb4 33.Rc1 R3f7 34.h4 Rd7 35.h5 Rfd8 36.g4 Rxd5
37.Rxd5 Rxd5 38.Rxc7 Rd4 39.Ke3 Ba3 40.f4 Rd5 41.f5 Bd6 42.Rb7 Bc5+ 43.Ke2 Bf8
44.Rb8 Rd4 45.Nc5 Rb4 46.Ra8 Kf7 47.Nd3 Rxa4 48.Nxe5+ Kf6 49.Nd7+ Kg5 50.Rxf8 Rxg4
51.Nc5 Kxh5 52.Kf3 Rg1 53.Kf4 Rf1+ 54.Ke5 Kg4 55.Ne4 a4 56.Rf7 a3 57.Rxg7+ Kh4
58.Ra7 Rf3 59.f6 Kh5 60.Nd6  1-0

[Event "St.Petersburg Summer Rapid"]
[Site "St Petersburg RUS"]
[Date "2015.08.30"]
[Round "7.12"]
[White "Khismatullin,D"]
[Black "Sysolyatin,E"]
[Result "1-0"]
[WhiteElo "2642"]
[BlackElo "2289"]

1.d4 d5 2.c4 dxc4 3.e4 e5 4.Nf3 exd4 5.Bxc4 Bb4+ 6.Nbd2 Nc6 7.O-O Nf6 8.e5 Nd5
9.Nb3 O-O 10.Nbxd4 Nce7 11.Qc2 h6 12.Rd1 c6 13.Qe4 Bc5 14.Bd2 f5 15.Qe2 Kh8
16.Rac1 Bb6 17.h4 Qe8 18.b4 a6 19.a4 Qh5 20.b5 axb5 21.axb5 Qg4 22.bxc6 Bxd4
23.Nxd4 Qxd4 24.Bb4 Qxd1+ 25.Rxd1 Nxb4 26.c7 Nbc6 27.Rd6 Ra5 28.Qd2 Rxe5
29.Rxh6+  1-0

[Event "76th ch-ARM 1st League"]
[Site "Yerevan ARM"]
[Date "2015.09.02"]
[Round "12.4"]
[White "Babujian,L"]
[Black "Chibukhchian,A"]
[Result "1/2-1/2"]
[WhiteElo "2444"]
[BlackElo "2410"]

1.d4 d5 2.c4 dxc4 3.e4 Nf6 4.e5 Nd5 5.Bxc4 Nb6 6.Bb3 Nc6 7.Nf3 Bg4 8.Bxf7+ Kxf7
9.Ng5+ Ke8 10.Qxg4 Qxd4 11.Ne4 Qd3 12.Nc5 Qd4 13.Ne4 Qd3 14.Nbd2 Nb4 15.Rb1 Rd8
16.Ng5 Nc4 17.Qe6 Nxd2  1/2-1/2

[Event "TCh-POL 1st League 2015"]
[Site "Jastrzebia Gora POL"]
[Date "2015.09.05"]
[Round "1.12"]
[White "Bartel,Marta"]
[Black "Lach,A"]
[Result "0-1"]
[WhiteElo "2330"]
[BlackElo "2163"]

1.d4 d5 2.c4 dxc4 3.e4 Nc6 4.Nf3 Bg4 5.d5 Ne5 6.Bf4 Ng6 7.Be3 e5 8.Bxc4 a6
9.Be2 Bd6 10.Nc3 b5 11.Nd2 Bd7 12.Rc1 Nf6 13.O-O O-O 14.g3 Qe7 15.Bf3 Rac8
16.h4 c5 17.dxc6 Bxc6 18.h5 Nf4 19.gxf4 exf4 20.Bd4 Be5 21.Bxe5 Qxe5 22.Bg2 Rcd8
23.Nd5 Nxd5 24.exd5 Bxd5 25.Rc5 f3 26.Nxf3 Bxf3 27.Qc2 Qe2 28.Qxe2 Bxe2 29.Re1 Rd2
30.Bb7 Rxb2 31.Bxa6 Rxa2 32.Bxb5 Bxb5 33.Rxb5 h6 34.Kg2 Ra7 35.Re3 Rfa8 36.Kg3 Kh7
37.Rf3 Re7 38.Rbf5 Kg8 39.Rb5 Ra1 40.Kg2 Kh7 41.Rc5 Ra4 42.Kg3 f6 43.Rb3 Ra1
44.Kg2 Rae1 45.Rbc3 R7e4 46.Rg3 Re5 47.Rc7 Re7 48.Rxe7 Rxe7 49.f4 Ra7 50.Kh3 Ra5
51.Kh4 Ra4 52.Kg4 g6 53.hxg6+ Kxg6 54.Rb3 Ra5 55.Rc3 h5+ 56.Kh4 Ra1 57.Kg3 Rf1
58.Rc4 Rg1+ 59.Kf2 Ra1 60.Rc5 Ra3 61.Kg2 h4 62.Rb5 Rg3+ 63.Kf2 Ra3 64.Kg2 f5
65.Rc5 Ra4 66.Kf3 Ra2 67.Rc8 Ra3+ 68.Kg2 Rg3+ 69.Kf2 Kh5 70.Rh8+ Kg4 71.Rh7 Rf3+
72.Kg2 h3+ 73.Kh2 Rf2+ 74.Kg1 Ra2 75.Rb7 Rg2+ 76.Kh1 Rf2 77.Kg1 Rxf4 78.Rg7+ Kh4
79.Rb7 Kg3 80.Rg7+ Rg4 81.Ra7 f4 82.Kh1 f3 83.Ra3 Re4  0-1

[Event "Pyramiden Cup 2015"]
[Site "Fuerth GER"]
[Date "2015.09.06"]
[Round "7.1"]
[White "Wenninger,P"]
[Black "Kunin,V"]
[Result "1-0"]
[WhiteElo "2249"]
[BlackElo "2563"]

1.d4 d5 2.c4 dxc4 3.e4 b5 4.a4 c6 5.axb5 cxb5 6.b3 e5 7.dxe5 Qxd1+ 8.Kxd1 Bc5
9.Na3 Bxa3 10.Bxa3 Nc6 11.Bd6 a5 12.bxc4 b4 13.c5 Nge7 14.Bb5 Bd7 15.Ba4 Nd4
16.Ne2 Bxa4+ 17.Rxa4 Nb5 18.Kd2 Nc6 19.Kd3 O-O-O 20.Kc4 Na3+ 21.Rxa3 bxa3
22.Ra1 Rd7 23.Nd4 Nxd4 24.Kxd4 Rb7 25.Rxa3 Kd7 26.Rxa5 Kc6 27.Ra6+ Kb5 28.Ra2 Kc6
29.Kc4 Rb1 30.Ra7 Rc1+ 31.Kd4 Rd1+ 32.Ke3 g5 33.h4 Re1+ 34.Kf3 g4+ 35.Kf4 Re2
36.Rc7+ Kb5 37.Rb7+ Ka6 38.Rb6+ Ka7 39.Kg3 Rxe4 40.Rc6 h5 41.Rc7+ Ka6 42.Rxf7 Kb5
43.Rf6 Ra8 44.e6 Ra3+ 45.Kh2 g3+ 46.fxg3 Ra2 47.e7 Kc6 48.Rf8 Rae2 49.Rh8 Re1
50.Rxh5 Kd7 51.Rh8 Re6 52.h5 R1e2 53.g4 R2e4 54.h6 Rxg4 55.Rd8+  1-0

[Event "TCh-POL 1st League 2015"]
[Site "Jastrzebia Gora POL"]
[Date "2015.09.08"]
[Round "4.22"]
[White "Kudas,D"]
[Black "Raszka,J"]
[Result "0-1"]
[WhiteElo "2120"]
[BlackElo "2119"]

1.d4 d5 2.c4 dxc4 3.e4 e5 4.Nf3 Bb4+ 5.Bd2 Bxd2+ 6.Nbxd2 exd4 7.Bxc4 Nc6
8.O-O Qf6 9.e5 Qg6 10.Qb3 Nge7 11.Rfe1 O-O 12.Bd3 Qh5 13.Re4 Ng6 14.Nf1 Rb8
15.Ng3 Qh6 16.Rd1 Be6 17.Qa4 a6 18.Ree1 Rbd8 19.a3 Bg4 20.Be4 Bxf3 21.Bxf3 Ngxe5
22.Be4 Qf6 23.Rd2 g6 24.Red1 Qe6 25.Rc1 f5 26.Bc2 Kg7 27.Bb3 Qf6 28.Ne2 d3
29.Nf4 Rd4 30.Ne6+ Qxe6 31.Qxd4 Nxd4 32.Bxe6 Ne2+ 33.Rxe2 dxe2 34.Re1 Rd8
35.Bb3 Rd2  0-1

[Event "FSGM September 2015"]
[Site "Budapest HUN"]
[Date "2015.09.11"]
[Round "6.2"]
[White "Lampert,J"]
[Black "Varga,Zo"]
[Result "1/2-1/2"]
[WhiteElo "2469"]
[BlackElo "2461"]

1.d4 d5 2.c4 dxc4 3.e4 Nf6 4.e5 Nd5 5.Bxc4 Nb6 6.Bd3 Nc6 7.Ne2 Bg4 8.Be3 e6
9.Nbc3 Nb4 10.Be4 c6 11.O-O Bh5 12.Qb3 Bg6 13.Nf4 Bxe4 14.Nxe4 N4d5 15.Nd3 Be7
16.Bd2 Nc7 17.Bb4 Qxd4 18.Bxe7 Qxe4 19.Bd6 Na6 20.Rac1 Qa4 21.Qxa4 Nxa4 22.f4 f5
23.b4 Nb6 24.Rf3 Nd5 25.a4 Kf7 26.b5 Nb8 27.Nb4 Nxb4 28.Bxb4 a6 29.Bd6 axb5
30.axb5 Re8 31.Rfc3 Nd7  1/2-1/2

[Event "TCh-POL 1st League 2015"]
[Site "Jastrzebia Gora POL"]
[Date "2015.09.13"]
[Round "9.16"]
[White "Sabuk,P"]
[Black "Bartel,Mi"]
[Result "1/2-1/2"]
[WhiteElo "2333"]
[BlackElo "2327"]

1.d4 d5 2.c4 dxc4 3.e4 Nf6 4.e5 Nd5 5.Bxc4 Nc6 6.Ne2 Nb6 7.Bb5 Be6 8.Nbc3 Bd5
9.Nf4 e6 10.Ncxd5 Nxd5 11.O-O Qd7 12.Nxd5 Qxd5 13.Qa4 Be7 14.Be3 a6 15.Bxc6+ Qxc6
16.Qxc6+ bxc6 17.Rac1 Kd7 18.Rc2 a5 19.Rfc1 Ra6 20.Rc4 Rb8 21.R1c2 a4 22.Kf1 a3
23.bxa3 Bxa3 24.Ke2 Rb1 25.Bd2 Ra1 26.Bc3 Rb1 27.Bd2 Ra1 28.Bc3 Rb1 29.Bd2 Ra1  1/2-1/2

[Event "TCh-ARG Superior 2015"]
[Site "Villa Martelli ARG"]
[Date "2015.09.19"]
[Round "4.6"]
[White "Gaitan,Juan Manuel"]
[Black "Fulgenzi,E"]
[Result "1-0"]
[WhiteElo "2340"]
[BlackElo "2316"]

1.d4 d5 2.c4 dxc4 3.e4 Nf6 4.e5 Nd5 5.Bxc4 Nc6 6.Ne2 Nb6 7.Bb3 Bf5 8.Nbc3 e6
9.O-O Be7 10.Be3 Nb4 11.Ng3 Bg6 12.f4 N4d5 13.Bc1 Qd7 14.Qf3 Rd8 15.a4 a5
16.Nce4 Nb4 17.Be3 N6d5 18.Bd2 O-O 19.f5 exf5 20.Nxf5 Bxf5 21.Qxf5 Qxf5 22.Rxf5 Nc6
23.Bc3 Bb4 24.Rf3 Nce7 25.Raf1 h6 26.h4 Nc6 27.h5 Be7 28.g4 Ncb4 29.Kh2 b6
30.Kg3 Rd7 31.g5 hxg5 32.Kg4 Kh8 33.Bd2 Kg8 34.Nxg5 Bxg5 35.Bxg5 Re8 36.Bd2 c6
37.h6 gxh6 38.Kh5 Re6 39.Rg3+ Rg6 40.Rfg1 Rxg3 41.Rxg3+ Kf8 42.Bxh6+ Ke7
43.Rg8 c5 44.Bd1 cxd4 45.Bg5+ f6 46.exf6+ Nxf6+ 47.Kg6 Nd5 48.Bb3 Nf4+ 49.Kf5  1-0

[Event "25th EY GU18 2015"]
[Site "Porec CRO"]
[Date "2015.09.21"]
[Round "1.14"]
[White "Machlik,Monika"]
[Black "Saumanaite,Skaiste"]
[Result "1-0"]
[WhiteElo "2050"]
[BlackElo "1891"]

1.d4 d5 2.c4 dxc4 3.e4 c5 4.d5 Nf6 5.Nc3 b5 6.Bf4 Qa5 7.Bd2 b4 8.e5 bxc3
9.Bxc3 Qc7 10.exf6 exf6 11.Bxc4 Bd6 12.Nf3 O-O 13.O-O Nd7 14.h3 Nb6 15.b3 Bb7
16.Qd3 Rfd8 17.Rad1 Bf8 18.Qf5 Bc8 19.Qe4 Nxc4 20.bxc4 Bd6 21.Rfe1 Ba6 22.Nh4 Bh2+
23.Kh1 Qf4 24.Ba5 Rf8 25.d6 Qxe4 26.Rxe4 Be5 27.d7 Bd4 28.Nf5 Bxc4 29.Nxd4 Bd5
30.Re7  1-0

[Event "25th EY GU16 2015"]
[Site "Porec CRO"]
[Date "2015.09.23"]
[Round "3.4"]
[White "Hrescak,Ivana"]
[Black "Tishova,Svetlana"]
[Result "1-0"]
[WhiteElo "2022"]
[BlackElo "2058"]

1.d4 d5 2.c4 dxc4 3.e4 e5 4.Nf3 exd4 5.Bxc4 Nc6 6.O-O Bc5 7.Ng5 Nh6 8.Nxf7 Nxf7
9.Bxf7+ Kxf7 10.Qh5+ g6 11.Qxc5 Qe7 12.Qc2 Kg7 13.a3 Re8 14.Nd2 Ne5 15.b4 b6
16.f4 Ng4 17.Bb2 c5 18.bxc5 bxc5 19.Rfc1 Bb7 20.Qxc5 Qxc5 21.Rxc5 Bxe4 22.Bxd4+ Kg8
23.Rc7 Rad8 24.Bc3 Bd5 25.h3 Ne3 26.g4 Ng2 27.Rg7+ Kf8 28.Rxh7 Ba8 29.f5 Nf4
30.Bb4+ Kg8 31.fxg6 Nxg6 32.Rxa7 Re2 33.Rc1 Nf4 34.Rcc7 Ne6 35.Rd7 Rxd7 36.Rxd7 Rg2+
37.Kf1 Rh2 38.Re7 Bd5 39.Rd7 Bc6 40.Rd6 Bb5+ 41.Kg1 Re2 42.Nf3 Nf4 43.Ng5 Rg2+
44.Kh1 Rc2 45.Rd2 Rc1+ 46.Kh2 Nd3 47.Be7 Kg7 48.Bd8 Rc3 49.Bf6+ Kxf6 50.Ne4+ Ke5
51.Nxc3 Ba6 52.Kg3 Kd4 53.Nd1  1-0

[Event "25th EY GU18 2015"]
[Site "Porec CRO"]
[Date "2015.09.23"]
[Round "3.21"]
[White "Hernandez,Lara"]
[Black "Poliakova,Emma"]
[Result "0-1"]
[WhiteElo "1995"]
[BlackElo "1835"]

1.d4 d5 2.c4 dxc4 3.e4 e5 4.Nf3 exd4 5.Bxc4 Nc6 6.O-O Be6 7.Bb5 Bc5 8.b4 Bb6
9.a4 a6 10.Bxc6+ bxc6 11.a5 Ba7 12.Bb2 Bg4 13.Qa4 Ne7 14.Ne5 Bd7 15.Rd1 f6
16.Nxd7 Qxd7 17.Qb3 Rb8 18.Qc4 c5 19.Qxa6 c6 20.Ra4 cxb4 21.Nd2 c5 22.Raa1 O-O
23.Qc4+ Kh8 24.Nb3 Qb5 25.Qe6 Ng6 26.Rac1 Nf4 27.Qc4 Ne2+ 28.Kf1 Nxc1 29.Rxc1 Qxc4+
30.Rxc4 Rbc8 31.Ke2 Rfe8 32.Kd3 Kg8 33.Bc1 Kf7 34.Bf4 Ke6 35.h3 Kd7 36.Bh2 Kc6
37.Nxd4+ Kb7 38.Nf5 Rcd8+ 39.Kc2 Kc6 40.Nxg7 Re7 41.Nf5 Red7 42.Ne3 Kb5 43.e5 Rd2+
44.Kc1 fxe5 45.Bxe5 Rxf2 46.Rg4 Re8 47.Nc4 Bb8 48.Re4 Bxe5 49.Nxe5 Rf5  0-1

[Event "TCh-ISL Div 1 2015-16"]
[Site "Reykjavik ISL"]
[Date "2015.09.24"]
[Round "1.5"]
[White "Dziuba,M"]
[Black "Kjartansson,Dav"]
[Result "1-0"]
[WhiteElo "2558"]
[BlackElo "2366"]

1.d4 d5 2.c4 dxc4 3.e4 b5 4.Nc3 a6 5.a4 c6 6.axb5 cxb5 7.Nxb5 axb5 8.Rxa8 Bb7
9.Ra1 e6 10.Nf3 Bxe4 11.Be2 Nf6 12.O-O Be7 13.b3 O-O 14.bxc4 bxc4 15.Bxc4 Nc6
16.Be3 Bxf3 17.Qxf3 Nxd4 18.Qb7 Nf5 19.Bb6 Qc8 20.Qxc8 Rxc8 21.Bd3 Nd5 22.Ba7 g6
23.Rfc1 Rd8 24.Rab1 Rd7 25.Bc5 Bxc5 26.Rxc5 Kg7 27.g3 h5 28.Bxf5 exf5 29.Rd1 Nf6
30.Rxd7 Nxd7 31.Rc7 Nf8 32.f4 Ne6 33.Rc4 Nf8 34.Kf2 Nd7 35.Ke3 Nf6 36.Kd4 Ng4
37.Rc2 Nf6 38.Ke5 Ne4 39.Ra2 Nf6 40.h3 Nd7+ 41.Kd6 Nf6 42.Ra3 Ng8 43.Kd7 Nf6+
44.Kd8 Kf8 45.Rd3 Ne4 46.Re3 Nf6 47.Ra3 Ne4 48.Kd7 Nf6+ 49.Kd6 Kg7 50.Re3 Kf8
51.Rd3 Kg7 52.Ke5 Ne4 53.Ra3 Nf2 54.Ra2 Ne4 55.g4 hxg4 56.hxg4 Nf6 57.gxf5 Ng4+
58.Ke4 Nf6+ 59.Kd4 Nh5 60.Rf2 Kf6 61.fxg6 fxg6 62.Ke4 Ng3+ 63.Kf3 Nf5 64.Ra2 Ng7
65.Ra6+ Kf5 66.Ra7 Kf6 67.Ke4 Nh5 68.Ra6+ Kg7 69.Ke5 Ng3 70.Ra7+ Kh6 71.Ra3 Nf5
72.Kf6 Kh5 73.Ra5  1-0

[Event "8th Beirut Open 2015"]
[Site "Beirut LIB"]
[Date "2015.09.25"]
[Round "7.6"]
[White "Kotanjian,T"]
[Black "Nassar,M"]
[Result "1-0"]
[WhiteElo "2495"]
[BlackElo "2021"]

1.d4 d5 2.c4 dxc4 3.e4 c5 4.d5 Nf6 5.Nc3 e6 6.Bxc4 exd5 7.Nxd5 Nxd5 8.Bxd5 Be7
9.Ne2 O-O 10.O-O Na6 11.Bf4 Nb4 12.Nc3 Nxd5 13.Nxd5 Bd6 14.e5 Bb8 15.Qb3 Qd7
16.Rad1 Qe6 17.Qe3 c4 18.Bg3 a5 19.Qc5 b5 20.Ne7+ Kh8 21.Ng6+ hxg6 22.Qxf8+  1-0

[Event "Tatry Open 2015"]
[Site "Tatranske Zruby SVK"]
[Date "2015.09.28"]
[Round "4.20"]
[White "Borsos,B"]
[Black "Loskot,P"]
[Result "1-0"]
[WhiteElo "2243"]
[BlackElo "2065"]

1.d4 d5 2.c4 dxc4 3.e4 e5 4.Nf3 exd4 5.Qxd4 Qxd4 6.Nxd4 Bc5 7.Nb5 Na6 8.Bxc4 c6
9.N5a3 Nc7 10.O-O Nf6 11.Re1 O-O 12.Bg5 Ng4 13.Bh4 Ne5 14.Bf1 Ne6 15.Bg3 Ng6
16.Nc3 b5 17.Nc2 h5 18.h3 h4 19.Bh2 a5 20.Rad1 Nef4 21.Nd4 Bxd4 22.Rxd4 Be6
23.e5 Nd5 24.Nxd5 Bxd5 25.a3 Rfe8 26.Bd3 Rad8 27.e6 Bxe6 28.Rxd8 Rxd8 29.Bxg6 fxg6
30.Bc7 Re8 31.Bxa5 Bf7 32.Re3 Rxe3 33.fxe3 Bd5 34.Bd8 Kf7 35.Bxh4 Ke6 36.Be1 g5
37.Bc3 g6 38.g4 Be4 39.Ba5 Ke7 40.Kf2 Bh1 41.Bb6 Bd5 42.Bd4 Bh1 43.Bc5+ Ke6
44.Bb6 Ke7 45.Bc5+ Ke6 46.b3 Be4 47.a4 bxa4 48.bxa4 Kd5 49.Be7 Bd3 50.Bxg5 Ke4
51.Be7 Bc4 52.a5 Bd3 53.h4 Bc4 54.Kg3 Ke5 55.Bc5 Kd5 56.Bb6 Ke4 57.Bd4 c5
58.Bxc5 Bb5 59.h5 gxh5 60.gxh5 Kf5 61.h6 Kg6 62.Bf8 Kh7 63.e4  1-0

[Event "TCh-AUT 2nd Mitte 2015-16"]
[Site "Austria AUT"]
[Date "2015.10.02"]
[Round "1.1"]
[White "Schachinger,M"]
[Black "Knechtel,R"]
[Result "1-0"]
[WhiteElo "2439"]
[BlackElo "2289"]

1.d4 d5 2.c4 dxc4 3.e4 e5 4.Nf3 exd4 5.Bxc4 Bb4+ 6.Nbd2 Nc6 7.O-O Bg4 8.Qb3 Qd7
9.Bd5 a5 10.a3 Bxd2 11.Qxb7 Rb8 12.Qxc6 Bxc1 13.Qxc1 Qd6 14.Nxd4 Ne7 15.Nc6 Nxc6
16.Bxc6+ Kf8 17.Qc3 h5 18.Rac1 Rh6 19.h3 Be2 20.Rfe1 Bb5 21.Bxb5 Rxb5 22.Red1 Qe7
23.Qxc7 Qxc7 24.Rxc7 Kg8 25.Rd8+ Kh7 26.Rxf7 Rxb2 27.Rdd7 Rg6 28.Rd5 Re6
29.Rxa5 Rxe4 30.Raa7 Re1+ 31.Kh2 Ree2 32.Rxg7+ Kh6 33.Rh7+ Kg6 34.Rag7+ Kf6
35.Rg8 Ra2 36.Rxh5 Kf7 37.Rhh8 Rxa3 38.Rf8+ Kg7 39.Rhg8+ Kh7 40.Rg4 Raa2
41.Rf5 Kh6 42.Kg3 Rac2 43.Kh4  1-0

[Event "Chigorin Memorial 2015"]
[Site "St Petersburg RUS"]
[Date "2015.10.05"]
[Round "3.66"]
[White "Eryshkanova,A"]
[Black "Igonin,Temur"]
[Result "1-0"]
[WhiteElo "2108"]
[BlackElo "2390"]

1.d4 d5 2.c4 dxc4 3.e4 Nf6 4.e5 Nd5 5.Bxc4 Nb6 6.Bb3 Nc6 7.Ne2 Bg4 8.Nbc3 e6
9.O-O Qd7 10.f3 Bh5 11.a3 O-O-O 12.Be3 Kb8 13.Bf2 Be7 14.Ne4 g5 15.Qc1 g4
16.f4 Bg6 17.Nc5 Qe8 18.Rd1 h5 19.Ba2 h4 20.Be3 h3 21.g3 Na5 22.d5 Nxd5 23.Bxd5 exd5
24.b4 Nc4 25.Bd4 f6 26.Ne6 Rc8 27.Nc3 Qf7 28.Nxd5 fxe5 29.Qxc4 exd4 30.Nxe7 Qxe7
31.Re1 d3 32.Nc5 Qg7 33.Re5 Rhe8 34.Rae1 d2 35.Rd1 Rxe5 36.fxe5 Rd8 37.Qf4 Qe7
38.Rxd2 b6 39.Nb3 Rf8 40.Nd4 Qe8 41.Qxg4 c5 42.bxc5 Qf7 43.Qe2 Bh5 44.Qb5 Qc7
45.Rc2 Rc8 46.cxb6 Qxb6 47.Qxb6+ axb6 48.Rxc8+ Kxc8 49.Kf2 Kb7 50.Ke3 Ka6
51.Ke4 Ka5 52.Kd5 Ka4 53.Kc6 Kxa3 54.Kxb6 Kb4 55.Kc6 Kc4 56.Ne6 Bd1 57.Kd6 Kd3
58.Nf4+ Ke4 59.e6 Kf3 60.e7 Ba4 61.Nxh3 Kg2 62.Ng5 Kxh2 63.Ne4 Kh3 64.Ke6 Kg4
65.Nf6+ Kg5 66.Kf7 Bb3+ 67.Kf8 Ba4 68.Ne4+ Kg4 69.Nc3 Bc6 70.Ne2  1-0

[Event "24th TCh-CRO Div 1a 2015"]
[Site "Bol CRO"]
[Date "2015.10.08"]
[Round "6.21"]
[White "Cheparinov,I"]
[Black "Prohaszka,P2"]
[Result "1-0"]
[WhiteElo "2681"]
[BlackElo "2617"]

1.d4 d5 2.c4 dxc4 3.e4 Nc6 4.Nf3 Bg4 5.d5 Ne5 6.Bf4 Ng6 7.Be3 e5 8.Bxc4 a6
9.Nbd2 Bd6 10.h3 Bd7 11.O-O Nf6 12.Bd3 Nh5 13.Re1 O-O 14.g3 Nf6 15.Kh2 c6
16.dxc6 Bxc6 17.a3 Qe7 18.Rc1 Rfd8 19.Qe2 Rac8 20.b4 Nd7 21.Nc4 Bc7 22.Rc3 b5
23.Na5 Bxa5 24.bxa5 Ba8 25.Rec1 Rxc3 26.Rxc3 b4 27.axb4 Qxb4 28.Qd2 Ndf8
29.Bb6 Rd7 30.Qc2 h6 31.h4 Rxd3 32.Qxd3 Bxe4 33.Rc4 Qxa5 34.Qxe4 Qxb6 35.Kg2 Qe6
36.h5 f5 37.Qc6 Qxc6 38.Rxc6 Ne7 39.Rc7 Nd5 40.Rc5 Nf6 41.Rxe5 f4 42.gxf4 N8d7
43.Ra5 Nb6 44.Nd4 Nbd5 45.Kf3 Nc7 46.Rc5 Ncd5 47.Nf5 Kf7 48.Ng3 Nb4 49.Rc7+ Kf8
50.Ra7 Kg8 51.Ne4 Nbd5 52.Nxf6+ Nxf6 53.Rxa6 Nxh5 54.Kg4 Nf6+ 55.Kf5 Nd7
56.Ra8+ Nf8 57.Ke5 Kf7 58.Ra7+ Kg8 59.f5 Nh7 60.Ke6 Ng5+ 61.Ke7 Ne4 62.Ra8+ Kh7
63.Kf8 h5 64.Ra7 Kh6 65.Rxg7 h4 66.Rg4 Nxf2 67.Rxh4+ Kg5 68.f6 Kxh4 69.f7 Ne4
70.Ke7  1-0

[Event "24th TCh-CRO Div 1a 2015"]
[Site "Bol CRO"]
[Date "2015.10.08"]
[Round "6.51"]
[White "Postny,E"]
[Black "Stevic,H"]
[Result "1-0"]
[WhiteElo "2658"]
[BlackElo "2600"]

1.d4 d5 2.c4 dxc4 3.e4 Nf6 4.e5 Nd5 5.Bxc4 Nb6 6.Bb3 Nc6 7.Ne2 Bf5 8.Nbc3 e6
9.O-O Qd7 10.Be3 O-O-O 11.Qc1 Kb8 12.Rd1 Nb4 13.Ng3 Bg6 14.a3 N4d5 15.Bg5 Be7
16.Nge4 Nxc3 17.Nxc3 f6 18.Bf4 Nd5 19.Bxd5 exd5 20.exf6 Bxf6 21.a4 Qc6 22.Nb5 Rd7
23.Ra3 Rc8 24.Rc3 Qb6 25.Rc5 Be7 26.Nxc7 Bxc5 27.Nxd5+  1-0

[Event "Chigorin Memorial 2015"]
[Site "St Petersburg RUS"]
[Date "2015.10.08"]
[Round "6.4"]
[White "Volodin,Alek"]
[Black "Timofeev,Arty"]
[Result "0-1"]
[WhiteElo "2491"]
[BlackElo "2539"]

1.d4 d5 2.c4 dxc4 3.e4 Nc6 4.Nf3 Bg4 5.d5 Ne5 6.Bf4 Ng6 7.Be3 Nf6 8.Nc3 e5
9.Be2 a6 10.a4 Bb4 11.Nd2 Bxe2 12.Qxe2 b5 13.axb5 axb5 14.O-O Bxc3 15.bxc3 O-O
16.g3 Qd6 17.h4 h6 18.h5 Ne7 19.f4 c6 20.Qf2 cxd5 21.Bc5 Qe6 22.Rae1 Ra2
23.exd5 Qxd5 24.Bxe7 Rxd2 25.Re2 Ne4 26.Rxd2 Nxd2 27.Bxf8 Nxf1 28.Bxg7 Qd1
29.Qxf1 Qxf1+ 30.Kxf1 Kxg7 31.fxe5 f6 32.exf6+ Kxf6 33.Ke2 Kg5 34.Ke3 Kxh5
35.Kf4 Kg6  0-1

[Event "43rd TCh-GRE 2015"]
[Site "Porto Rio GRE"]
[Date "2015.10.11"]
[Round "6.4"]
[White "Theodorou,Nikolas"]
[Black "Vlahos,K"]
[Result "1-0"]
[WhiteElo "2449"]
[BlackElo "2288"]

1.d4 d5 2.c4 dxc4 3.e4 Nc6 4.Nf3 Bg4 5.d5 Ne5 6.Bf4 Ng6 7.Be3 Nf6 8.Nc3 e5
9.Bxc4 a6 10.Be2 Bd6 11.O-O O-O 12.Nd2 Bd7 13.Nc4 Qe7 14.Rc1 b5 15.Nxd6 cxd6
16.a3 Rfc8 17.Qd2 Rab8 18.f3 h6 19.Na2 Be8 20.Rxc8 Rxc8 21.Rc1 Qb7 22.Qa5 Nd7
23.Rxc8 Qxc8 24.Nb4 Nc5 25.Qb6 Na4 26.Qxa6 Qxa6 27.Nxa6 Nxb2 28.Nc7 Kf8 29.Nxe8 Kxe8
30.Bxb5+ Kd8 31.Kf1 Nf4 32.g3 Nfd3 33.Ke2 Nc5 34.Bxc5 dxc5 35.a4 c4 36.a5 Nd3
37.a6 Kc8 38.d6  1-0

[Event "World Blitz 2015"]
[Site "Berlin GER"]
[Date "2015.10.13"]
[Round "3.84"]
[White "Vidit,S"]
[Black "Tari,A"]
[Result "1/2-1/2"]
[WhiteElo "2651"]
[BlackElo "2521"]

1.d4 d5 2.c4 dxc4 3.e4 b5 4.a4 c6 5.axb5 cxb5 6.Nc3 a6 7.Nxb5 axb5 8.Rxa8 Bb7
9.Ra2 e6 10.Ne2 Bb4+ 11.Bd2 Nc6 12.b3 Nge7 13.bxc4 bxc4 14.Qb1 c3 15.Bxc3 Bxc3+
16.Nxc3 Qxd4 17.Nb5 Qe5 18.Be2 O-O 19.O-O Rb8 20.Qa1 Qf4 21.Ra4 Ng6 22.Qc1 Qe5
23.Re1 Nf4 24.Bf1 Ne7 25.Qc7 Neg6 26.Qxe5 Nxe5 27.Ra3 g5 28.Nd6 Bc6 29.Nc4 Nxc4
30.Bxc4 Rb2 31.Bf1 Kg7 32.Rc3 Bb7 33.g3 Ng6 34.f3 Ne5 35.Re2 Rb1 36.Kf2 g4
37.f4 Nf3 38.h3 Ba6 39.hxg4 Nh2 40.Re1 Rxe1 41.Kxe1 Nxf1 42.Ra3 Bb5 43.Ra5 Bc4
44.Kf2 Nd2 45.Ke3 Nf1+ 46.Kf2 Nd2 47.Ke3 Nf1+ 48.Kf2 Nd2  1/2-1/2

[Event "World Blitz 2015"]
[Site "Berlin GER"]
[Date "2015.10.13"]
[Round "5.77"]
[White "Stefansson,H"]
[Black "Rabiega,R"]
[Result "0-1"]
[WhiteElo "2602"]
[BlackElo "2503"]

1.d4 d5 2.c4 dxc4 3.e4 Nf6 4.e5 Nd5 5.Bxc4 Nb6 6.Bd3 Nc6 7.Ne2 Bg4 8.f3 Bh5
9.Nbc3 e6 10.Be3 Bg6 11.Be4 Be7 12.O-O O-O 13.Rc1 Nc4 14.Bf2 Nxb2 15.Qb3 Nd3
16.Qxb7 Bxe4 17.Nxe4 Nxc1 18.Rxc1 Nb4 19.Rxc7 Rb8 20.Qxa7 Nd5 21.Rd7 Rb1+
22.Be1 Rxe1+ 23.Kf2 Rxe2+ 24.Kxe2 Qc8 25.Nc5 Bxc5 26.dxc5 Qc6 27.Rb7 Nf4+
28.Kf2 Qd5 29.Rb8 g5 30.Rxf8+ Kxf8 31.Ke1  0-1

[Event "World Blitz 2015"]
[Site "Berlin GER"]
[Date "2015.10.13"]
[Round "6.71"]
[White "Khismatullin,D"]
[Black "Cordeiro,M"]
[Result "1-0"]
[WhiteElo "2651"]
[BlackElo "2228"]

1.d4 d5 2.c4 dxc4 3.e4 e5 4.Nf3 exd4 5.Bxc4 Bb4+ 6.Nbd2 Nf6 7.Bxf7+ Kf8 8.Bc4 Nxe4
9.O-O Nf6 10.Ng5 b5 11.Nf7 Qe7 12.Re1 Qc5 13.Re5 Qc6 14.Bxb5 Qb6 15.Nxh8  1-0

[Event "World Blitz 2015"]
[Site "Berlin GER"]
[Date "2015.10.14"]
[Round "13.10"]
[White "Vovk,Y"]
[Black "Edouard,R"]
[Result "1-0"]
[WhiteElo "2617"]
[BlackElo "2636"]

1.d4 d5 2.c4 dxc4 3.e4 b5 4.a4 c6 5.b3 e5 6.axb5 cxb5 7.bxc4 Nf6 8.Nf3 Bb4+
9.Bd2 Bxd2+ 10.Nbxd2 exd4 11.cxb5 O-O 12.e5 Nd5 13.Qb1 Bb7 14.Qe4 Nd7 15.Qxd4 Re8
16.Be2 Qb6 17.O-O Nxe5 18.Qxb6 Nxb6 19.Rfe1 Kf8 20.Nxe5 Rxe5 21.Bf1 Rxe1
22.Rxe1 Rd8 23.Nb3 Bd5 24.Nc5 Rc8 25.Rc1 Ke7 26.Re1+ Kd6 27.Nd3 Bc4 28.Ne5 Bd5
29.f4 f6 30.Ng4 Bc4 31.Ne3 Bxf1 32.Kxf1 Rc5 33.Ra1 Nc8 34.Rd1+ Ke6 35.Rb1 Nd6
36.b6 axb6 37.Rxb6 Rc3 38.Ke2 Kd7 39.Ra6 Rb3 40.Ra7+ Ke8 41.g3 Kf8 42.Kf2 Rb2+
43.Kg1 Nb5 44.Rb7 h5 45.Nf5 Rb1+ 46.Kg2 Nc3 47.Rc7 Rb2+ 48.Kf3 Nd5 49.Rd7 Rb3+
50.Kf2 Nc3 51.Nxg7 Ne4+ 52.Kg2 h4 53.Nf5 hxg3 54.hxg3 Rb2+ 55.Kf3 Nc5 56.Rc7 Rb3+
57.Kg4 Ne4 58.Rc8+ Kf7 59.Rc7+ Kf8 60.Rc4 Nf2+ 61.Kh5 Kf7 62.Rc7+ Ke8 63.Kg6 Nh1
64.Ng7+ Kd8 65.Ne6+ Ke8 66.Kxf6  1-0